[Event "TCh-CHN 2017"]
[Site "China CHN"]
[Date "2017.08.21"]
[Round "15.5"]
[Board "1"]
[White "Wan, Yunguo"]
[Black "Ma, Qun"]
[Result "1/2-1/2"]
[WhiteTitle "GM"]
[BlackTitle "GM"]
[WhiteElo "2486"]
[BlackElo "2638"]
[WhiteTeam "Hebei"]
[BlackTeam "Hangzhou"]
[WhiteFideId "8603189"]
[BlackFideId "8603154"]
[EventDate "2017.04.18"]

1. e4 e5 2. Nf3 Nc6 3. Bb5 Nf6 4. O-O Nxe4 5. Re1 Nd6 6. Nxe5 Be7 7. Bf1 Nxe5 8.
Rxe5 O-O 9. Nc3 Ne8 10. Nd5 Bd6 11. Re1 c6 12. Ne3 Bc7 13. Nf5 d5 14. Ne7+ Kh8
15. Nxc8 Rxc8 16. d4 Nf6 17. Bd3 Qd6 18. g3 Rce8 19. Rxe8 Rxe8 20. c3 Qe6 21.
Kg2 g6 22. Qf3 Kg7 23. Bd2 Ne4 24. Re1 f5 25. Bf4 Qd7 26. Re2 Bxf4 27. Qxf4 Re7
28. h4 Qc7 29. Qxc7 Rxc7 30. g4 fxg4 31. Bxe4 dxe4 32. Rxe4 h5 33. Re6 Rf7 34.
a4 a6 35. Rd6 Re7 36. a5 Re2 37. Rd7+ Kf6 38. Rxb7 g5 39. hxg5+ Kxg5 40. Rg7+
Kf4 41. Rf7+ Kg5 42. Rg7+ Kf4 43. Rf7+ Kg5 1/2-1/2

[Event "TCh-CHN 2017"]
[Site "China CHN"]
[Date "2017.08.21"]
[Round "15.5"]
[Board "2"]
[White "Peng, Xiongjian"]
[Black "Bai, Jinshi"]
[Result "1/2-1/2"]
[BlackTitle "GM"]
[WhiteElo "2410"]
[BlackElo "2556"]
[WhiteTeam "Hebei"]
[BlackTeam "Hangzhou"]
[WhiteFideId "8610550"]
[BlackFideId "8602280"]
[EventDate "2017.04.18"]

1. d4 Nf6 2. c4 g6 3. Nf3 Bg7 4. Nc3 d5 5. cxd5 Nxd5 6. e4 Nxc3 7. bxc3 c5 8.
Rb1 O-O 9. Be2 cxd4 10. cxd4 Qa5+ 11. Bd2 Qxa2 12. O-O Bg4 13. Bg5 h6 14. Be3
Nc6 15. d5 Ne5 16. Rxb7 a5 17. Bd4 Nxf3+ 18. Bxf3 Bxf3 19. gxf3 Rfb8 20. Rxe7
Qa3 21. Rc7 Bxd4 22. Qxd4 Qxf3 23. Rc3 Qf4 24. Ra1 Re8 25. Re3 Re5 26. d6 Rd8
27. Rd1 a4 28. Qxa4 Rxd6 29. Rxd6 Rg5+ 30. Rg3 Qxd6 31. Rxg5 hxg5 32. h3 Qf4 33.
Qd4 Kh7 34. Kg2 g4 35. hxg4 Qxg4+ 36. Kf1 Qf3 37. Qe5 Kh6 38. Kg1 Qg4+ 39. Kf1
Qf3 40. Kg1 Qg4+ 41. Kf1 Qf3 1/2-1/2

[Event "TCh-CHN 2017"]
[Site "China CHN"]
[Date "2017.08.21"]
[Round "15.5"]
[Board "3"]
[White "Peng, Hongchi"]
[Black "Gao, Rui"]
[Result "0-1"]
[BlackTitle "GM"]
[WhiteElo "2221"]
[BlackElo "2546"]
[WhiteTeam "Hebei"]
[BlackTeam "Hangzhou"]
[WhiteFideId "8609047"]
[BlackFideId "8602387"]
[EventDate "2017.04.18"]

1. e4 e5 2. Nf3 Nc6 3. Bb5 a6 4. Ba4 Nf6 5. O-O Nxe4 6. d4 b5 7. Bb3 d5 8. Nxe5
Nxe5 9. dxe5 c6 10. Nd2 Nxd2 11. Bxd2 Be7 12. c3 Bf5 13. Bc2 Qd7 14. Qb1 Bxc2
15. Qxc2 O-O 16. Rae1 Rae8 17. Kh1 Bd8 18. Re3 f6 19. exf6 Bxf6 20. Qd3 Rxe3 21.
Bxe3 Re8 22. h3 Qe6 23. a4 Qe4 24. Qxe4 Rxe4 25. axb5 axb5 26. Ra1 Kf7 27. Rc1
Ke6 28. Kg1 Ra4 29. Bc5 Rc4 30. Be3 Kd6 31. Kf1 Ra4 32. Ke2 c5 33. Rc2 Ra1 34.
g4 g6 35. Rc1 Ra2 36. Rc2 c4 37. f4 b4 38. cxb4 Rxb2 39. Bc5+ Kc6 40. Rxb2 Bxb2
41. f5 d4 42. Be7 d3+ 43. Kd2 Kd5 44. f6 Ke4 45. f7 c3+ 46. Ke1 c2 47. Bg5 Bc3+
48. Kf2 Bxb4 49. Bd2 Bxd2 50. f8=Q Be3+ 51. Kg2 c1=Q 52. Qe7+ Kd5 53. Qd7+ Kc4
54. Qa4+ Kc3 55. Kf3 Qf1+ 56. Kxe3 Qxh3+ 57. Kf2 Qh2+ 58. Kf3 Qe2+ 59. Kg3 Qe5+
60. Kf3 Qd5+ 61. Ke3 Qe6+ 62. Kf2 Qb6+ 63. Kf3 d2 64. Qa1+ Kc2 65. Ke2 Qe6+ 66.
Kf2 d1=Q 67. Qa4+ Qb3 68. Qc6+ Kb1 0-1

[Event "TCh-CHN 2017"]
[Site "China CHN"]
[Date "2017.08.21"]
[Round "15.5"]
[Board "4"]
[White "Girya, Olga"]
[Black "Yang, Yijing"]
[Result "1-0"]
[WhiteTitle "WGM"]
[BlackTitle "WCM"]
[WhiteElo "2484"]
[BlackElo "2031"]
[WhiteTeam "Hangzhou"]
[BlackTeam "Hebei"]
[WhiteFideId "4195752"]
[BlackFideId "8608601"]
[EventDate "2017.04.18"]

1. c4 Nf6 2. Nf3 g6 3. Nc3 d5 4. cxd5 Nxd5 5. Qb3 Nb6 6. d4 Bg7 7. Bf4 c6 8. e4
O-O 9. Rd1 Be6 10. Qc2 Bg4 11. Be2 N8d7 12. O-O Bxf3 13. Bxf3 e5 14. dxe5 Qe7
15. Be2 Nxe5 16. Qb3 Rfe8 17. Be3 Ned7 18. f3 Nc5 19. Qc2 Ne6 20. f4 Rad8 21. e5
Nc7 22. Bf3 Kh8 23. Ne4 Rxd1 24. Rxd1 Ncd5 25. Bc5 Qc7 26. Nd6 Re7 27. g3 f6 28.
exf6 Nxf6 29. Nc4 Rd7 30. Bd6 Qd8 31. Ne5 Nfd5 32. Nxd7 Ne3 33. Ne5 1-0

[Event "TCh-CHN 2017"]
[Site "China CHN"]
[Date "2017.08.21"]
[Round "15.5"]
[Board "5"]
[White "Gu, Tianlu"]
[Black "Zhai, Mo"]
[Result "1-0"]
[WhiteTitle "WIM"]
[BlackTitle "WGM"]
[WhiteElo "2197"]
[BlackElo "2302"]
[WhiteTeam "Hangzhou"]
[BlackTeam "Hebei"]
[WhiteFideId "8603995"]
[BlackFideId "8600201"]
[EventDate "2017.04.18"]

1. d4 Nf6 2. Nf3 e6 3. e3 b6 4. Bd3 Bb7 5. O-O Be7 6. c4 d5 7. b3 O-O 8. Nc3 c5
9. Bb2 cxd4 10. exd4 Nc6 11. a3 Rc8 12. Qe2 Re8 13. cxd5 Nxd5 14. Qe4 Nf6 15.
Qe3 Na5 16. Nd2 g6 17. b4 Nc6 18. Nf3 Bf8 19. Rfd1 Bg7 20. Rac1 Ng4 21. Qe2 Nf6
22. Qe3 Ne7 23. Ne5 Nfd5 24. Nxd5 Qxd5 25. f3 Qb3 26. Qe2 Bh6 27. Rb1 Nd5 28.
Ba1 Qxa3 29. Nc4 Qa4 30. Nd6 Nf4 31. Qf1 Bc6 32. Nxc8 Rxc8 33. d5 Bxd5 34. Bb5
Qc2 35. Rb2 Qc3 36. Kh1 Bg5 37. Rbb1 Qa3 38. Rdc1 Rf8 39. Rc3 Qa2 40. Rb2 1-0

[Event "TCh-CHN 2017"]
[Site "China CHN"]
[Date "2017.08.21"]
[Round "15.6"]
[Board "1"]
[White "Wei, Yi"]
[Black "Grischuk, Alexander"]
[Result "1/2-1/2"]
[WhiteTitle "GM"]
[BlackTitle "GM"]
[WhiteElo "2743"]
[BlackElo "2772"]
[WhiteTeam "Jiangsu"]
[BlackTeam "Shanghai"]
[WhiteFideId "8603405"]
[BlackFideId "4126025"]
[EventDate "2017.04.18"]

1. e4 e5 2. Nf3 Nc6 3. Bb5 Nf6 4. d3 Bc5 5. Bxc6 dxc6 6. Nbd2 Nd7 7. Nc4 O-O 8.
O-O Re8 9. Bd2 Bd6 10. Bc3 c5 11. a4 f6 12. Nh4 Nf8 13. g3 Bh3 14. Ng2 Qd7 15.
f4 exf4 16. gxf4 Bxg2 17. Kxg2 f5 18. e5 Qc6+ 19. Qf3 Qxf3+ 20. Kxf3 Be7 21. Ne3
g6 22. Rh1 Red8 23. h4 h5 24. Kg3 Ne6 25. Nc4 b6 26. Nd2 Bf8 27. Rhf1 a6 28. Nf3
Kf7 29. b3 Rd5 30. Bd2 Rad8 31. Ra2 R5d7 32. Be3 Rd5 33. Bd2 R5d7 34. Be3 Rd5
35. Bd2 1/2-1/2

[Event "TCh-CHN 2017"]
[Site "China CHN"]
[Date "2017.08.21"]
[Round "15.6"]
[Board "2"]
[White "Lin, Chen"]
[Black "Ni, Hua"]
[Result "1/2-1/2"]
[WhiteTitle "GM"]
[BlackTitle "GM"]
[WhiteElo "2477"]
[BlackElo "2671"]
[WhiteTeam "Jiangsu"]
[BlackTeam "Shanghai"]
[WhiteFideId "8602298"]
[BlackFideId "8601160"]
[EventDate "2017.04.18"]

1. e4 c6 2. d4 d5 3. exd5 cxd5 4. Bd3 Nc6 5. c3 Qc7 6. h3 e6 7. Nf3 Bd6 8. O-O
Nge7 9. Re1 Bd7 10. Nbd2 Ng6 11. Nf1 Nf4 12. Ne5 Nxd3 13. Nxd3 O-O-O 14. Qf3 f6
15. b4 Rhe8 16. Ne3 Ne7 17. Nc5 e5 18. dxe5 fxe5 19. Nxd5 Nxd5 20. Qxd5 Bxc5 21.
Qxc5 Qxc5 22. bxc5 Bc6 23. c4 g6 24. Bb2 e4 25. Rad1 Rd3 26. Rxd3 exd3 27. Rxe8+
Bxe8 28. Kf1 Bf7 29. Ke1 Bxc4 30. Kd2 Kd7 31. a3 Kc6 32. Bd4 a5 33. Bc3 Kb5 34.
Kc1 Bd5 35. g3 a4 36. Kb2 Kxc5 37. h4 Kc4 38. Bb4 Kd4 39. Kc1 b6 40. Kd2 Ke4 41.
Ke1 Kf3 42. Bc3 Ke4 43. Kd2 Bc4 1/2-1/2

[Event "TCh-CHN 2017"]
[Site "China CHN"]
[Date "2017.08.21"]
[Round "15.6"]
[Board "3"]
[White "Xu, Jun"]
[Black "Zhou, Jianchao"]
[Result "1/2-1/2"]
[WhiteTitle "GM"]
[BlackTitle "GM"]
[WhiteElo "2507"]
[BlackElo "2597"]
[WhiteTeam "Jiangsu"]
[BlackTeam "Shanghai"]
[WhiteFideId "8600031"]
[BlackFideId "8603537"]
[EventDate "2017.04.18"]

1. d4 d5 2. Nf3 Nf6 3. c4 e6 4. Nc3 Nbd7 5. cxd5 exd5 6. Bf4 c6 7. e3 Nb6 8. Qc2
Bg4 9. Ne5 Bh5 10. Bd3 Bg6 11. Nxg6 hxg6 12. O-O-O Bd6 13. Bg5 Qc7 14. Kb1 Nh7
15. Bh4 Nf8 16. Bg3 Ne6 17. Rc1 Bxg3 18. hxg3 Rxh1 19. Rxh1 O-O-O 20. Qb3 Kb8
21. Qb4 Nc8 22. Na4 Nb6 23. Nc3 Nc8 24. Na4 Qd6 25. Qxd6+ Nxd6 26. Nc3 Kc7 27.
Kc2 Kd7 28. b4 a6 29. a4 Ke7 30. a5 Ng5 31. g4 Ne6 32. Na4 f5 33. gxf5 gxf5 34.
Nc5 Kf6 35. f4 Nxc5 36. bxc5 Nf7 37. Be2 Re8 38. Kd3 Rh8 39. Rb1 Nd8 40. g4 g6
41. g5+ Ke7 42. Bf3 Ke6 43. Rh1 Rxh1 44. Bxh1 Ke7 45. Bf3 1/2-1/2

[Event "TCh-CHN 2017"]
[Site "China CHN"]
[Date "2017.11.02"]
[Round "16.1"]
[Board "1"]
[White "Yu, Yangyi"]
[Black "Lin, Chen"]
[Result "1-0"]
[WhiteTitle "GM"]
[BlackTitle "GM"]
[WhiteElo "2751"]
[BlackElo "2477"]
[WhiteTeam "Beijing"]
[BlackTeam "Jiangsu"]
[WhiteFideId "8603820"]
[BlackFideId "8602298"]
[EventDate "2017.04.18"]

1. d4 d5 2. c4 c6 3. Nf3 Nf6 4. Nc3 a6 5. c5 Bf5 6. Qb3 Qc8 7. Nh4 e6 8. Nxf5
exf5 9. h3 Be7 10. g4 fxg4 11. hxg4 Nxg4 12. f3 Nf6 13. Bf4 Bd8 14. Bh3 Nbd7 15.
e4 Bc7 16. e5 Qb8 17. O-O-O Nf8 18. exf6 Bxf4+ 19. Kb1 Ne6 20. Nxd5 cxd5 21.
Qxd5 Qc7 22. Rde1 O-O 23. Bxe6 fxe6 24. Rxe6 Rad8 25. Qb3 1-0

[Event "TCh-CHN 2017"]
[Site "China CHN"]
[Date "2017.11.02"]
[Round "16.1"]
[Board "2"]
[White "Li, Chao b"]
[Black "Wei, Yi"]
[Result "1/2-1/2"]
[WhiteTitle "GM"]
[BlackTitle "GM"]
[WhiteElo "2732"]
[BlackElo "2743"]
[WhiteTeam "Beijing"]
[BlackTeam "Jiangsu"]
[WhiteFideId "8604436"]
[BlackFideId "8603405"]
[EventDate "2017.04.18"]

1. e4 e5 2. Nf3 Nf6 3. Nxe5 d6 4. Nf3 Nxe4 5. Nc3 Nxc3 6. dxc3 Nc6 7. Be3 Be7 8.
Qd2 Be6 9. O-O-O Qd7 10. Kb1 Bf6 11. h4 O-O-O 12. Nd4 Bxd4 13. cxd4 d5 14. f3 h5
15. Bd3 f6 16. Bf2 Bf5 17. Rhe1 Rde8 18. a3 a6 19. Bf1 Rxe1 20. Rxe1 Re8 21.
Rxe8+ Qxe8 22. Qf4 Qe6 23. Qe3 Qf7 24. Qf4 Qe6 25. Qe3 Qf7 26. Qf4 Qe6 1/2-1/2

[Event "TCh-CHN 2017"]
[Site "China CHN"]
[Date "2017.11.02"]
[Round "16.1"]
[Board "3"]
[White "Wang, Yiye"]
[Black "Yu, Ruiyuan"]
[Result "1/2-1/2"]
[WhiteTitle "IM"]
[BlackTitle "GM"]
[WhiteElo "2435"]
[BlackElo "2499"]
[WhiteTeam "Beijing"]
[BlackTeam "Jiangsu"]
[WhiteFideId "8606021"]
[BlackFideId "8603090"]
[EventDate "2017.04.18"]

1. Nf3 d5 2. e3 c6 3. b3 Nf6 4. Bb2 g6 5. c4 Bg7 6. Nc3 O-O 7. Be2 b6 8. O-O Bb7
9. Qc2 c5 10. cxd5 Nxd5 11. Nxd5 Qxd5 12. Bxg7 Kxg7 13. Qc3+ Kg8 14. d4 Nd7 15.
Rfd1 Rac8 16. Rac1 cxd4 17. Qxd4 Qxd4 18. Nxd4 Nc5 19. Nb5 a5 20. f3 Rfd8 21.
Na3 Ne6 22. Rxc8 Bxc8 23. Rxd8+ Nxd8 24. Kf2 Be6 25. Bc4 Bd7 26. Bb5 Be6 27. e4
Nb7 28. Ke3 Kg7 29. Kd4 Kf6 30. Nc4 Bxc4 31. e5+ Kf5 32. Bxc4 e6 33. Bd3+ Kg5
34. g3 Nc5 35. Bb5 h5 36. Be8 f5 37. h4+ Kh6 38. Kc4 g5 39. f4 gxf4 40. gxf4 Na6
41. a3 Nc7 42. Bc6 Kg6 43. Bf3 Kg7 44. Bxh5 Nd5 45. Bf3 Nxf4 46. Kb5 Nd3 47.
Kxb6 Nxe5 48. Be2 f4 49. Kxa5 f3 50. Bd1 f2 51. Be2 Nc6+ 52. Kb6 Nd4 53. Bf1
Nxb3 54. a4 Kh6 55. a5 Nxa5 56. Kxa5 Kh5 57. Kb4 Kxh4 58. Kc4 1/2-1/2

[Event "TCh-CHN 2017"]
[Site "China CHN"]
[Date "2017.11.02"]
[Round "16.1"]
[Board "5"]
[White "Guo, Qi"]
[Black "Zhao, Xue"]
[Result "1/2-1/2"]
[WhiteTitle "IM"]
[BlackTitle "GM"]
[WhiteElo "2396"]
[BlackElo "2477"]
[WhiteTeam "Jiangsu"]
[BlackTeam "Beijing"]
[WhiteFideId "8604002"]
[BlackFideId "8601283"]
[EventDate "2017.04.18"]

1. d4 Nf6 2. c4 e6 3. Nf3 Bb4+ 4. Bd2 a5 5. g3 d6 6. Bg2 Nbd7 7. O-O e5 8. e3
Bxd2 9. Nfxd2 O-O 10. Nc3 c6 11. a3 Qb6 12. Nde4 Ne8 13. Nxd6 Nxd6 14. c5 Nxc5
15. dxc5 Qxc5 16. Na4 Qb5 17. Nc3 Qc5 18. Na4 Qb5 19. Nc3 Qc5 20. Na4 1/2-1/2

[Event "TCh-CHN 2017"]
[Site "China CHN"]
[Date "2017.11.02"]
[Round "16.2"]
[Board "1"]
[White "Ni, Hua"]
[Black "Inarkiev, Ernesto"]
[Result "1/2-1/2"]
[WhiteTitle "GM"]
[BlackTitle "GM"]
[WhiteElo "2671"]
[BlackElo "2689"]
[WhiteTeam "Shanghai"]
[BlackTeam "Hebei"]
[WhiteFideId "8601160"]
[BlackFideId "4162722"]
[EventDate "2017.04.18"]

1. d4 Nf6 2. c4 e6 3. Nf3 b6 4. g3 Bb7 5. Bg2 Be7 6. O-O O-O 7. Nc3 Ne4 8. Bd2
c5 9. d5 exd5 10. Nxd5 Bxd5 11. cxd5 Nxd2 12. Qxd2 d6 13. b4 Bf6 14. Rab1 Nd7
15. b5 a6 16. Qc2 axb5 17. Rxb5 Ra6 18. Bh3 Ne5 19. Nxe5 Bxe5 20. Bf5 Qa8 21.
Bxh7+ Kh8 22. Bd3 Rxa2 23. Qc4 Ra4 24. Qb3 Ra3 25. Qc4 Ra4 26. Qb3 Ra3 27. Qc4 1/2-1/2

[Event "TCh-CHN 2017"]
[Site "China CHN"]
[Date "2017.11.02"]
[Round "16.2"]
[Board "2"]
[White "Zhou, Jianchao"]
[Black "Wan, Yunguo"]
[Result "1-0"]
[WhiteTitle "GM"]
[BlackTitle "GM"]
[WhiteElo "2597"]
[BlackElo "2486"]
[WhiteTeam "Shanghai"]
[BlackTeam "Hebei"]
[WhiteFideId "8603537"]
[BlackFideId "8603189"]
[EventDate "2017.04.18"]

1. Nf3 Nf6 2. c4 c5 3. Nc3 Nc6 4. g3 g6 5. Bg2 Bg7 6. d4 cxd4 7. Nxd4 O-O 8. O-O
Qa5 9. e3 d6 10. Bd2 Bd7 11. b3 Rac8 12. Rc1 a6 13. a4 Qb6 14. Nde2 Bg4 15. h3
Bxe2 16. Nxe2 Rfd8 17. Nf4 e6 18. h4 d5 19. cxd5 Nxd5 20. Nxd5 exd5 21. b4 d4
22. a5 Qb5 23. Rc5 Qd3 24. Qc2 Qxc2 25. Rxc2 Bf8 26. Rfc1 Rb8 27. Bxc6 bxc6 28.
Rxc6 Bxb4 29. Bxb4 Rxb4 30. exd4 Rbxd4 31. Rxa6 Rd1+ 32. Rxd1 Rxd1+ 33. Kg2 Ra1
34. Kf3 Ra2 35. Ra7 Kg7 36. a6 h5 37. Ke3 Kf6 38. f3 Ra3+ 39. Ke4 Ke6 40. Ra8
Kf6 41. Ra7 Ke6 42. Kf4 Kf6 43. g4 Ra4+ 44. Kg3 hxg4 45. fxg4 Ke6 46. Ra8 Kf6
47. Ra7 Ke6 48. g5 Ra3+ 49. Kf2 f6 50. Ra8 fxg5 51. a7 1-0

[Event "TCh-CHN 2017"]
[Site "China CHN"]
[Date "2017.11.02"]
[Round "16.2"]
[Board "3"]
[White "Vidit, Santosh Gujrathi"]
[Black "Peng, Xiongjian"]
[Result "1-0"]
[WhiteTitle "GM"]
[WhiteElo "2715"]
[BlackElo "2410"]
[WhiteTeam "Shanghai"]
[BlackTeam "Hebei"]
[WhiteFideId "5029465"]
[BlackFideId "8610550"]
[EventDate "2017.04.18"]

1. Nf3 d5 2. g3 Nf6 3. Bg2 c6 4. O-O g6 5. d3 Bg7 6. Nbd2 O-O 7. e4 dxe4 8. dxe4
Na6 9. Qe2 Nd7 10. e5 Ndc5 11. a3 Bf5 12. b4 Na4 13. Nb3 Qd5 14. Re1 Qd7 15.
Nfd4 Nc7 16. Nxf5 Qxf5 17. f4 Rfd8 18. Be3 Nb5 19. Qf2 f6 20. c4 Nbc3 21. Nd4
Qd7 22. e6 Qc7 23. f5 Qe5 24. fxg6 hxg6 25. Nb3 Qh5 26. Bf3 Qf5 27. Na5 Rd3 28.
Nxb7 Qxe6 29. Na5 Rc8 30. Bc5 Qf5 31. Nxc6 Rxf3 32. Nxe7+ Kh7 33. Nxf5 Rxf2 34.
Bxf2 gxf5 35. c5 Bf8 36. Re6 Kg6 37. Ra6 Rc7 38. Re1 Be7 39. c6 Nb6 40. Bxb6
axb6 41. Rxb6 Bd6 42. Ra6 Kf7 43. Kg2 Be5 44. a4 Ke6 45. b5 Kd5 46. Ra8 Kc5 47.
Rf1 Kb4 48. b6 Rxc6 49. a5 Ne4 50. b7 Rc2+ 51. Kg1 1-0

[Event "TCh-CHN 2017"]
[Site "China CHN"]
[Date "2017.11.02"]
[Round "16.2"]
[Board "4"]
[White "Vo, Thi Kim Phung"]
[Black "Ju, Wenjun"]
[Result "1/2-1/2"]
[WhiteTitle "WGM"]
[BlackTitle "GM"]
[WhiteElo "2380"]
[BlackElo "2567"]
[WhiteTeam "Hebei"]
[BlackTeam "Shanghai"]
[WhiteFideId "12401838"]
[BlackFideId "8603006"]
[EventDate "2017.04.18"]

1. d4 Nf6 2. c4 e6 3. Nc3 Bb4 4. Qc2 O-O 5. Nf3 c5 6. dxc5 Na6 7. Bg5 Nxc5 8. a3
Bxc3+ 9. Qxc3 b6 10. Bxf6 Qxf6 11. Qxf6 gxf6 12. e3 a5 13. Rd1 a4 14. Rd6 Rb8
15. Be2 Ba6 16. Nd4 Rfc8 17. O-O Kf8 18. Nc2 Ne4 19. Rxd7 Bxc4 20. Bxc4 Rxc4 21.
Nb4 Nc5 22. Rd6 Ne4 23. Rd7 Nc5 24. Rd6 Ne4 25. Rd7 1/2-1/2

[Event "TCh-CHN 2017"]
[Site "China CHN"]
[Date "2017.11.02"]
[Round "16.2"]
[Board "5"]
[White "Zhai, Mo"]
[Black "Ni, Shiqun"]
[Result "1/2-1/2"]
[WhiteTitle "WGM"]
[BlackTitle "WGM"]
[WhiteElo "2302"]
[BlackElo "2441"]
[WhiteTeam "Hebei"]
[BlackTeam "Shanghai"]
[WhiteFideId "8600201"]
[BlackFideId "8608466"]
[EventDate "2017.04.18"]

1. c4 e5 2. g3 c6 3. d4 e4 4. Nc3 d5 5. cxd5 cxd5 6. Qb3 Nc6 7. Qxd5 Qxd5 8.
Nxd5 Nxd4 9. Rb1 Bd6 10. Bg2 Bf5 11. g4 Bxg4 12. Bxe4 Bf5 13. Bxf5 Nxf5 14. Bd2
Nge7 15. Nxe7 Nxe7 16. Nf3 f6 17. e3 Kf7 18. Ke2 Rac8 19. Rhg1 a6 20. h3 Rhd8
21. Rbc1 Rxc1 22. Rxc1 Nc6 23. Bc3 Rd7 24. Ne1 g5 25. Nd3 h5 26. Rg1 Ke6 27. f4
Be7 28. fxg5 fxg5 29. Nf2 Rd5 30. Ne4 b5 31. Rc1 Ne5 32. Rg1 1/2-1/2

[Event "TCh-CHN 2017"]
[Site "China CHN"]
[Date "2017.11.02"]
[Round "16.3"]
[Board "1"]
[White "Jakovenko, Dmitry"]
[Black "Wen, Yang"]
[Result "1/2-1/2"]
[WhiteTitle "GM"]
[BlackTitle "GM"]
[WhiteElo "2730"]
[BlackElo "2605"]
[WhiteTeam "Hangzhou"]
[BlackTeam "Shandong"]
[WhiteFideId "4122356"]
[BlackFideId "8602956"]
[EventDate "2017.04.18"]

1. e4 e5 2. Nf3 Nc6 3. Bc4 Nf6 4. d3 Bc5 5. O-O O-O 6. Nbd2 d6 7. c3 a5 8. Re1
Be6 9. Bb5 Qb8 10. Nf1 Qa7 11. Be3 Bxe3 12. Nxe3 Ne7 13. Ba4 Ng6 14. Bc2 Qb6 15.
Qd2 Qxb2 16. Reb1 Qa3 17. d4 d5 18. exd5 Nxd5 19. Bxg6 hxg6 20. Nxd5 Bxd5 21.
Nxe5 Qd6 22. c4 Be6 23. Qc3 Rad8 24. d5 Bc8 25. Re1 Rfe8 26. Rad1 Qf6 27. Re3
Re7 28. Rde1 Rde8 29. c5 b6 30. cxb6 Qxb6 31. Nc4 Rxe3 32. Nxe3 Bb7 33. Rc1 Re7
34. h3 a4 35. a3 Rd7 36. Qe5 Kf8 37. Qe4 Re7 38. Qh4 f6 39. Rc4 Qd6 40. Rxa4
Bxd5 41. Rd4 c6 42. a4 Rb7 43. Rd1 Kf7 44. Qd4 Rb4 45. Qa7+ Kg8 46. a5 Kh7 47.
a6 Ra4 48. Qb7 Qa3 49. Ng4 f5 50. Nf6+ Kh6 51. Ne8 Qc3 52. Qe7 Re4 53. Qf8 Re1+
54. Rxe1 Qxe1+ 55. Kh2 Qxf2 56. Qxg7+ Kg5 57. Qf6+ Kh6 58. Qh8+ Kg5 59. Qf6+ Kh6
60. Qh8+ Kg5 61. h4+ Kf4 62. Qh6+ Ke5 63. Qg7+ Kf4 64. Qh6+ Ke5 65. Qg7+ Kf4 66.
Qc7+ Ke3 67. Qb6+ Ke2 68. Qb2+ Ke1 69. Qc1+ Ke2 70. Qc2+ Ke1 71. Qc1+ Ke2 72.
Qc2+ Ke1 73. Qxf2+ Kxf2 74. Nc7 Bxg2 75. Ne6 c5 76. Nxc5 Bd5 77. Nd3+ Ke3 78.
Ne5 f4 79. Nxg6 f3 80. Ne5 Kf4 81. Nd3+ Ke3 82. Ne5 Kf4 83. Nd3+ 1/2-1/2

[Event "TCh-CHN 2017"]
[Site "China CHN"]
[Date "2017.11.02"]
[Round "16.3"]
[Board "2"]
[White "Gao, Rui"]
[Black "Zhao, Jun"]
[Result "1/2-1/2"]
[WhiteTitle "GM"]
[BlackTitle "GM"]
[WhiteElo "2546"]
[BlackElo "2604"]
[WhiteTeam "Hangzhou"]
[BlackTeam "Shandong"]
[WhiteFideId "8602387"]
[BlackFideId "8602522"]
[EventDate "2017.04.18"]

1. e4 e5 2. Nf3 Nc6 3. Bb5 Nf6 4. O-O Nxe4 5. d4 Nd6 6. Bxc6 dxc6 7. dxe5 Nf5 8.
Qxd8+ Kxd8 9. h3 h6 10. Rd1+ Ke8 11. Nc3 Ne7 12. Bf4 Ng6 13. Bh2 Be7 14. a3 Bd7
15. e6 Bxe6 16. Bxc7 f5 17. Nd4 Bc8 18. Nb3 Kf7 19. Na5 Re8 20. Re1 Bf6 21. Nc4
Rxe1+ 22. Rxe1 Be7 23. Na5 Nf8 24. Rd1 Ne6 25. Be5 Nd8 26. Bc7 Ne6 27. Be5 Nd8
28. Bc7 Ne6 29. Be5 Nd8 1/2-1/2

[Event "TCh-CHN 2017"]
[Site "China CHN"]
[Date "2017.11.02"]
[Round "16.3"]
[Board "3"]
[White "Ma, Qun"]
[Black "Bu, Xiangzhi"]
[Result "1/2-1/2"]
[WhiteTitle "GM"]
[BlackTitle "GM"]
[WhiteElo "2638"]
[BlackElo "2730"]
[WhiteTeam "Hangzhou"]
[BlackTeam "Shandong"]
[WhiteFideId "8603154"]
[BlackFideId "8601445"]
[EventDate "2017.04.18"]

1. d4 Nf6 2. c4 e6 3. Nc3 Bb4 4. Qc2 d5 5. a3 Bxc3+ 6. Qxc3 O-O 7. Nf3 b6 8. Bg5
dxc4 9. Qxc4 Ba6 10. Qa4 Qd7 11. Qxd7 Nbxd7 12. Bxf6 gxf6 13. e3 Bb7 14. Rc1
Rac8 15. Bb5 c6 16. Be2 c5 17. O-O Rfd8 18. Rfd1 f5 19. Kf1 Bxf3 20. gxf3 cxd4
21. Rxc8 Rxc8 22. Rxd4 Ne5 23. Ke1 Rc2 24. f4 Ng4 25. h3 Nf6 26. Rd2 Rc1+ 27.
Rd1 Rc2 28. Rd2 Rc1+ 29. Rd1 Rc2 30. Rd2 Rc1+ 31. Rd1 1/2-1/2

[Event "TCh-CHN 2017"]
[Site "China CHN"]
[Date "2017.11.02"]
[Round "16.3"]
[Board "4"]
[White "Ning, Kaiyu"]
[Black "Gu, Tianlu"]
[Result "1/2-1/2"]
[BlackTitle "WIM"]
[WhiteElo "2169"]
[BlackElo "2197"]
[WhiteTeam "Shandong"]
[BlackTeam "Hangzhou"]
[WhiteFideId "8614750"]
[BlackFideId "8603995"]
[EventDate "2017.04.18"]

1. d4 d5 2. c4 c6 3. Nf3 Nf6 4. e3 Bf5 5. Nc3 a6 6. Be2 e6 7. O-O Bd6 8. b3 Nbd7
9. Bb2 h6 10. Bd3 Bxd3 11. Qxd3 O-O 12. e4 dxe4 13. Nxe4 Nxe4 14. Qxe4 Re8 15.
Rad1 Qa5 16. Qc2 Rad8 17. Rfe1 Qh5 18. Qc3 Nf6 19. h3 Qg6 20. Ne5 Qf5 21. Qe3
Nd7 22. Nxd7 Rxd7 23. d5 cxd5 24. Rxd5 exd5 25. Qxe8+ Kh7 26. Bd4 Rc7 27. cxd5
Qxd5 28. Qe3 f5 29. Qd2 Rd7 30. Rd1 Qe4 31. f3 Qe6 32. Qc2 Bf4 33. Bf2 Rxd1+ 34.
Qxd1 Bc7 35. Kf1 Qe5 36. Qc2 Qa1+ 1/2-1/2

[Event "TCh-CHN 2017"]
[Site "China CHN"]
[Date "2017.11.02"]
[Round "16.3"]
[Board "5"]
[White "Zhang, Xiaowen"]
[Black "Harika, Dronavalli"]
[Result "1/2-1/2"]
[WhiteTitle "WGM"]
[BlackTitle "GM"]
[WhiteElo "2332"]
[BlackElo "2504"]
[WhiteTeam "Shandong"]
[BlackTeam "Hangzhou"]
[WhiteFideId "8603219"]
[BlackFideId "5015197"]
[EventDate "2017.04.18"]

1. e4 c5 2. Nf3 Nc6 3. d4 cxd4 4. Nxd4 Nf6 5. Nc3 e5 6. Ndb5 d6 7. Bg5 a6 8. Na3
b5 9. Nd5 Be7 10. Bxf6 Bxf6 11. c3 Bg5 12. Nc2 Rb8 13. a4 bxa4 14. Ncb4 Nxb4 15.
Nxb4 Bd7 16. Bxa6 O-O 17. O-O Kh8 18. Qxd6 Be7 19. Qxe5 Bxb4 20. cxb4 Qb6 21. b5
Bxb5 22. Bxb5 Qxb5 23. Qxb5 Rxb5 24. Rxa4 Rxb2 25. h3 h6 26. Rfa1 Rfb8 27. Ra7
Kg8 28. Ra8 h5 29. Rxb8+ Rxb8 30. Kh2 g6 31. Kg3 Rb2 32. h4 Kg7 33. Ra3 Rc2 34.
f4 Rb2 35. Kf3 Rb1 36. g3 Rb4 37. Re3 Rb1 38. Ke2 Ra1 39. Rc3 Ra4 40. Kf3 Rb4
41. e5 Rb1 42. Ke4 Re1+ 43. Kd4 Rd1+ 44. Rd3 Ra1 45. Kd5 Kf8 46. Rc3 Rd1+ 47.
Ke4 Re1+ 48. Kd5 Rd1+ 49. Ke4 Re1+ 1/2-1/2